Visualizzazione normale
Vista MARC
- Jesucristo
di Personal Name
Records bibliografici associati: 1
001 - CONTROL NUMBER
- control field: 55799
003 - CONTROL NUMBER IDENTIFIER
- control field: IT-RoINE
005 - DATE AND TIME OF LATEST TRANSACTION
- control field: 20190108094947.0
008 - FIXED-LENGTH DATA ELEMENTS
- fixed length control field: 190108|| aca||aabn | a|a d
040 ## - CATALOGING SOURCE
- Original cataloging agency: IT-RoINE
- Transcribing agency: IT-RoINE
100 ## - HEADING--PERSONAL NAME
- Personal name: Jesucristo
- General subdivision: Transfiguración
- General subdivision: Meditaciones
670 ## - SOURCE DATA FOUND
- Source citation: Work cat.: (IT-RoINE)0: Martini, Carlo Maria, 15639 Cardenal, 1927-2012, Avvolti nel mistero della trasfigurazione :, [1997]